Universal democracy and the Social Sciences /
Se plantea la democracia universal como el fenómeno aglutinante en la construcción de un nuevo paradigma de la sociedad humana y las ciencias sociales. Se trata de un proyecto que retoma el problema del "interés general" y el "bien común" como los objetivos más importantes en un...
محفوظ في:
| المؤلف الرئيسي: | |
|---|---|
| التنسيق: | نص |
| الموضوعات: | |
| الوسوم: |
إضافة وسم
لا توجد وسوم, كن أول من يضع وسما على هذه التسجيلة!
|
MARC
| LEADER | 00000 a a2200000 04500 | ||
|---|---|---|---|
| 001 | 4667 | ||
| 003 | |||
| 040 | |||
| 100 | |a González Casanova, Pablo | ||
| 245 | |a Universal democracy and the Social Sciences / |c Pablo González Casanova | ||
| 520 | |a Se plantea la democracia universal como el fenómeno aglutinante en la construcción de un nuevo paradigma de la sociedad humana y las ciencias sociales. Se trata de un proyecto que retoma el problema del "interés general" y el "bien común" como los objetivos más importantes en un mundo multinacional, multicultural y multiétnico. La formación del nuevo paradgima subsume los legados de las prácticas sociales y de los modelos políticos e ideológicos anteriores. Busca el factor determinante que ha impedido el éxito de las luchas históricas y sociales por la libertad y la justicia. Ese factor parece corresponder a distintas formas de exclusión del poder de las mayorías en las experiencias democráticas anteriores. Exige investigar modelos de participación universal acordes con el actual desarrollo político y tecnológico. REV//jmml | ||
| 650 | |a DEMOCRACIA | ||
| 650 | |a CIENCIAS SOCIALES | ||
| 650 | |a LIBERALIZACION DEL INTERCAMBIO | ||
| 650 | |a PODER POLITICO | ||
| 650 | |a DESARROLLO POLITICO | ||
| 650 | |a CAMBIO TECNOLOGICO | ||
| 650 | |a LIBERTAD | ||
| 650 | |a VALORES SOCIALES | ||
| 773 | |g volumen 46, número 2; páginas 29-38 | ||
| 999 | |c 26205 |d 26205 | ||
